000 00812nam a22002417a 4500
999 _c1762
_d1762
003 AR-CdUCM
008 190227b ||||| |||| 00| 0 spa d
040 _aMUNICIPALIDAD PROVINCIAL DEL CUSCO
_cBIBLIOTECA MUNICIPAL DEL CUSCO
082 _a100 /
_bW16
100 _aWahl, Jean
_96470
245 _aIntroducción a la Filosofía /
260 _aMéxico :
_bFondo de Cultura Económica ;
_c1957.
300 _a379 páginas
_c17cm
440 _aBreviarios
_n34
_96471
505 _aLa sustancia -- El ser, la existencia, la libertad -- El devenir -- La cantidad y la cualidad -- La causalidad
650 _aConocimiento
_95704
650 _aMundo sensible
_96472
650 _aIdeas negativas
_96473
650 _aValor
_96474
650 _aAlma
_96475
942 _2ddc
_cLIBROS
945 _anom
_d2019-02-27